Planning for poverty alleviation (Record no. 351637)

000 -LEADER
fixed length control field 00373cam a22001337a 4500
008 - FIXED-LENGTH DATA ELEMENTS--GENERAL INFORMATION
fixed length control field 180718b1985 xxu||||| |||| 00| 0 eng d
082 ## - DEWEY DECIMAL CLASSIFICATION NUMBER
Classification number T000x54 P886p
100 ## - MAIN ENTRY--PERSONAL NAME
Personal name Prasad, Kamta
245 ## - TITLE STATEMENT
Title Planning for poverty alleviation
Statement of responsibility, etc. by Kamta Prasad
260 ## - PUBLICATION, DISTRIBUTION, ETC.
Place of publication, distribution, etc. New Delhi
Name of publisher, distributor, etc. Agricole
Date of publication, distribution, etc. 1985
300 ## - PHYSICAL DESCRIPTION
Extent 228p.
650 ## - SUBJECT ADDED ENTRY--TOPICAL TERM
Topical term or geographic name entry element Poverty - India
650 ## - SUBJECT ADDED ENTRY--TOPICAL TERM
Topical term or geographic name entry element Economic planning - India
Holdings
Withdrawn status Lost status Damaged status Not for loan Permanent Location Current Location Date acquired Full call number Barcode Date last seen Price effective from Koha item type
        Indian Institute of Public Administration Indian Institute of Public Administration 2010-01-14 T000x54 P886p 63920 2018-07-21 2018-07-21 Book
        Indian Institute of Public Administration Indian Institute of Public Administration 2010-01-14 T000x54 P886p 63919 2018-07-21 2018-07-21 Book
        Indian Institute of Public Administration Indian Institute of Public Administration 2010-01-14 T000x54 P886p 63918 2018-07-21 2018-07-21 Book
        Indian Institute of Public Administration Indian Institute of Public Administration 2010-01-14 T000x54 P886p 61460 2018-07-21 2018-07-21 Book
        Indian Institute of Public Administration Indian Institute of Public Administration 2010-01-14 T000x54 P886p 61459 2018-07-21 2018-07-21 Book
        Indian Institute of Public Administration Indian Institute of Public Administration 2010-01-14 T000x54 P886p 61458 2018-07-21 2018-07-21 Book
        Indian Institute of Public Administration Indian Institute of Public Administration 2010-01-14 T000x54 P886p 61393 2018-07-21 2018-07-21 Book
        Indian Institute of Public Administration Indian Institute of Public Administration 1993-11-16 T000x54 P886p 61047 2018-07-21 2018-07-21 Book

Powered by Koha